000
00306pam a2200133 a 4500
020
_c
041
_a
eng
082
_a
620.8
_b
BEN
100
_a
Bennrd ,
_e
Delovitch .
245
_a
Medical Biotechnology
_h
Textual Documents
260
_a
[s.l]:
_b
ASM Press Washington
300
_a
737p.
930
_a
1033
999
_c
77959
_d
77959